000 00945nam a2200277Ia 4500
003 IN-BaIIA
008 211028s9999 xx s 000 0 eng d
020 _a978-3-642-20422-7 (Print)
020 _a978-3-642-20423-4 (Online)
022 _a1860-0832 (Print)
022 _a1860-0840 (Online)
040 _cIIA Library
100 _aDeffuant, Guillaume
_939768
245 0 _aViability and Resilience of Complex Systems
_h[eBook]
260 _aHeidelberg, Berlin
_bSpringer Berlin Heidelberg
_c2011
300 _aOnline resource
490 _aUnderstanding Complex Systems
650 _a Complex Systems
650 _a Ecology
_914986
650 _a Game Theory, Economics, Social and Behav. Sciences
_938303
650 _a Methodology of the Social Sciences
650 _aSocial Sciences
_938619
700 _aGilbert, Nigel
_939769
856 _uhttp://doi.org/10.1007/978-3-642-20423-4
_yClick Here to Access eBook
942 _cEB
999 _c21517
_d21517